Detalles MARC
| 000 -LEADER |
| fixed length control field |
01926nam a22003377a 4500 |
| 003 - CONTROL NUMBER IDENTIFIER |
| control field |
OSt |
| 005 - DATE AND TIME OF LATEST TRANSACTION |
| control field |
20210323132516.0 |
| 008 - FIXED-LENGTH DATA ELEMENTS--GENERAL INFORMATION |
| fixed length control field |
210323s1999 ck ad||gr|||| 001 0 spa d |
| 020 ## - INTERNATIONAL STANDARD BOOK NUMBER |
| International Standard Book Number |
9701702611 |
| 040 ## - CATALOGING SOURCE |
| Original cataloging agency |
CO-JMCR |
| Transcribing agency |
CO-JMCR |
| 041 1# - LANGUAGE CODE |
| Language code of text/sound track or separate title |
spa |
| Language code of original |
eng |
| 082 04 - DEWEY DECIMAL CLASSIFICATION NUMBER |
| Classification number |
005.171 / |
| Item number |
L324u |
| Edition number |
21 |
| 100 1# - MAIN ENTRY--PERSONAL NAME |
| Personal name |
Larman, Craig, |
| Relator term |
autor |
| 9 (RLIN) |
36444 |
| 245 10 - TITLE STATEMENT |
| Title |
UML y patrones : |
| Remainder of title |
una introducción al análisis y diseño orientado a objetos / |
| Statement of responsibility, etc. |
Craig Larman ; versión en español, Luz María Hernández Rodríguez ; revisión técnica Humberto Cárdenas Anaya |
| 260 ## - PUBLICATION, DISTRIBUTION, ETC. |
| Place of publication, distribution, etc. |
México : |
| Name of publisher, distributor, etc. |
Prentice Hall : Pearson, |
| Date of publication, distribution, etc. |
1999 |
| 300 ## - PHYSICAL DESCRIPTION |
| Extent |
xxiii, 507 páginas : |
| Other physical details |
ilustraciones y gráficas a blanco y negro ; |
| Dimensions |
26 cm. |
| 500 ## - GENERAL NOTE |
| General note |
Título original : Appliying UML and patterns : an introduction to object-oriented analysis |
| 500 ## - GENERAL NOTE |
| General note |
Incluye índice alfabético, glosario y notas a pie de página. |
| 504 ## - BIBLIOGRAPHY, ETC. NOTE |
| Bibliography, etc. note |
Bibliografía: páginas 495-496 |
| 505 0# - FORMATTED CONTENTS NOTE |
| Formatted contents note |
Fase de planeación y de elaboración -- Fase de análisis (1) -- Fase de diseño (1) -- Fase de construcción (1) -- Fase de análisis (2) -- Fase de diseño (2) -- Temas especiales |
| 518 ## - DATE/TIME AND PLACE OF AN EVENT NOTE |
| Date/time and place of an event note |
Este libro ofrece a estudiantes y diseñadores una guía detallada de actividades que los conducen gradualmente a través de los requerimientos, el análisis, el diseño y la codificación. En la fase de diseño, ponemos de relieve las habilidades principales que se requieren en el diseño de responsabilidades y de colaboración. |
| 546 ## - LANGUAGE NOTE |
| Language note |
Traducido del inglés. |
| 650 14 - SUBJECT ADDED ENTRY--TOPICAL TERM |
| Topical term or geographic name entry element |
Programación orientada a objetos (Informática) |
| 9 (RLIN) |
1853 |
| 650 24 - SUBJECT ADDED ENTRY--TOPICAL TERM |
| Topical term or geographic name entry element |
UML (Informática) |
| 9 (RLIN) |
36445 |
| 650 24 - SUBJECT ADDED ENTRY--TOPICAL TERM |
| Topical term or geographic name entry element |
Ingeniería de soporte lógico |
| 9 (RLIN) |
36446 |
| 650 24 - SUBJECT ADDED ENTRY--TOPICAL TERM |
| Topical term or geographic name entry element |
Análisis de sistemas |
| 9 (RLIN) |
1155 |
| 650 24 - SUBJECT ADDED ENTRY--TOPICAL TERM |
| Topical term or geographic name entry element |
Diseño de sistemas |
| 9 (RLIN) |
1689 |
| 700 1# - ADDED ENTRY--PERSONAL NAME |
| Personal name |
Hernández Rodríguez, Luz María, |
| Relator term |
traductora |
| 9 (RLIN) |
36447 |
| 700 1# - ADDED ENTRY--PERSONAL NAME |
| Personal name |
Cárdenas Anaya, Humberto, |
| Relator term |
revisor |
| 9 (RLIN) |
36448 |
| 942 ## - ADDED ENTRY ELEMENTS (KOHA) |
| Source of classification or shelving scheme |
Dewey Decimal Classification |
| Koha item type |
Books |